[Event "19. Obert Int. Sant Marti 2017"]
[Site "Barcelona ESP"]
[Date "2017.07.15"]
[Round "3.28"]
[White "Perez Garcia, Adria"]
[Black "Eggleston, David J"]
[Result "1/2-1/2"]
[WhiteElo "2123"]
[BlackElo "2394"]
[PlyCount "139"]
[EventDate "2017.07.13"]
[EventType "swiss"]
[EventRounds "9"]
[EventCountry "ESP"]
[SourceTitle "Ajedrez en Madrid"]
[Source "lmi"]
[SourceDate "2017.07.13"]
[SourceVersion "1"]
[SourceVersionDate "2019.06.21"]
[SourceQuality "1"]

1. e4 c5 2. c3 Nf6 3. e5 Nd5 4. d4 cxd4 5. Nf3 Nc6 6. cxd4 d6 7. Bc4 e6 8. O-O
Be7 9. Qe2 O-O 10. Nc3 Nxc3 11. bxc3 dxe5 12. dxe5 Qa5 13. Qe4 Qa4 14. Bg5 h6
15. Bxe7 Nxe7 16. Bd3 Qxe4 17. Bxe4 Rb8 18. Rfd1 b6 19. a4 Bb7 20. Rd7 Bxe4 21.
Rxe7 Rb7 22. Rxb7 Bxb7 23. Nd4 Rc8 24. Ra3 g5 25. Nb5 Rc5 26. Nxa7 g4 27. h3
gxh3 28. gxh3 Rxe5 29. Nb5 Rg5+ 30. Kf1 Bg2+ 31. Ke2 Re5+ 32. Kd2 Bxh3 33. Nd4
Rd5 34. Ke3 e5 35. Ne2 Be6 36. f4 Ra5 37. Ra1 Bc4 38. Rb1 Rxa4 39. fxe5 Ra5 40.
Rxb6 Rxe5+ 41. Kd4 Rxe2 42. Kxc4 h5 43. Kd3 Re5 44. Kd4 Re1 45. c4 Kg7 46. c5
Rd1+ 47. Ke4 h4 48. Kf3 Rd4 49. Kg2 Rc4 50. Kh3 f6 51. c6 Kg6 52. Rb8 Kg5 53.
Rg8+ Kf5 54. c7 Rxc7 55. Kxh4 Rc3 56. Ra8 Re3 57. Ra5+ Kf4 58. Ra4+ Re4 59. Ra3
Rd4 60. Kh3 f5 61. Kg2 Rd2+ 62. Kf1 Ke4 63. Rb3 f4 64. Ra3 Rb2 65. Rc3 Kf5 66.
Ra3 Kg4 67. Rc3 f3 68. Rc8 Rb5 69. Rg8+ Kf4 70. Rf8+ 1/2-1/2

[Event "19. Obert Int. Sant Marti 2017"]
[Site "Barcelona ESP"]
[Date "2017.07.15"]
[Round "3.29"]
[White "Garcia Gil, Javier"]
[Black "Escalante Ramirez, Brian Sebas"]
[Result "0-1"]
[WhiteElo "2116"]
[BlackElo "2340"]
[PlyCount "80"]
[EventDate "2017.07.13"]
[EventType "swiss"]
[EventRounds "9"]
[EventCountry "ESP"]
[SourceTitle "Ajedrez en Madrid"]
[Source "lmi"]
[SourceDate "2017.07.13"]
[SourceVersion "1"]
[SourceVersionDate "2019.06.21"]
[SourceQuality "1"]

1. d4 Nf6 2. c4 g6 3. Nc3 Bg7 4. e4 d6 5. h3 O-O 6. Be3 c5 7. dxc5 dxc5 8. Qxd8
Rxd8 9. Bxc5 Nc6 10. Rd1 Rxd1+ 11. Kxd1 Be6 12. Be3 Rd8+ 13. Kc1 Ne5 14. b3 b5
15. Nxb5 Nxe4 16. Nf3 Nxf3 17. gxf3 Nxf2 18. Bxf2 Bh6+ 19. Kc2 Rd2+ 20. Kc3
Rxf2 21. Nxa7 Rxf3+ 22. Kb4 Bd2+ 23. Kb5 Rf5+ 24. Kb6 Be3+ 25. Ka6 Rf6 26. Kb7
Bf5 27. Bg2 Rb6+ 28. Kc7 Rd6 29. Nb5 Rd2 30. Bf3 Rxa2 31. Re1 Bc5 32. Kc6 Bb4
33. Re3 Bxh3 34. Bd5 Bf5 35. c5 Ra6+ 36. Kb7 Bxc5 37. Rc3 Rb6+ 38. Kc7 Rxb5 39.
Kc6 Bb4 40. Rc4 Rb8 0-1

[Event "19. Obert Int. Sant Marti 2017"]
[Site "Barcelona ESP"]
[Date "2017.07.15"]
[Round "3.30"]
[White "Meza Ponce, Jerry"]
[Black "Serarols Mabras, Bernat"]
[Result "1-0"]
[WhiteElo "2116"]
[BlackElo "2308"]
[PlyCount "61"]
[EventDate "2017.07.13"]
[EventType "swiss"]
[EventRounds "9"]
[EventCountry "ESP"]
[SourceTitle "Ajedrez en Madrid"]
[Source "lmi"]
[SourceDate "2017.07.13"]
[SourceVersion "1"]
[SourceVersionDate "2019.06.21"]
[SourceQuality "1"]

1. e4 c5 2. Nf3 Nc6 3. d3 g6 4. g3 Bg7 5. Bg2 d6 6. O-O Nf6 7. c3 O-O 8. a4 e5
9. Na3 d5 10. exd5 Nxd5 11. Nc4 h6 12. Qb3 Nde7 13. Be3 Be6 14. Bxc5 Qxd3 15.
Bxe7 Nxe7 16. Qxb7 Qxc4 17. Qxe7 Rab8 18. Qxa7 Rxb2 19. Rfc1 Bd5 20. Qe3 Bxf3
21. Qxf3 Rd8 22. a5 f5 23. Bf1 Qc5 24. a6 Rdd2 25. Qe3 Qc6 26. a7 Qa8 27. Rd1
Rxd1 28. Rxd1 Kh7 29. Rd7 Qc6 30. Rc7 Qd5 31. c4 1-0

[Event "19. Obert Int. Sant Marti 2017"]
[Site "Barcelona ESP"]
[Date "2017.07.15"]
[Round "3.31"]
[White "Romero Echeverria, Abigail"]
[Black "Kulkarni, Rakesh"]
[Result "1/2-1/2"]
[WhiteElo "2109"]
[BlackElo "2288"]
[PlyCount "53"]
[EventDate "2017.07.13"]
[EventType "swiss"]
[EventRounds "9"]
[EventCountry "ESP"]
[SourceTitle "Ajedrez en Madrid"]
[Source "lmi"]
[SourceDate "2017.07.13"]
[SourceVersion "1"]
[SourceVersionDate "2019.06.21"]
[SourceQuality "1"]

1. e4 c5 2. Nf3 e6 3. c3 Nf6 4. e5 Nd5 5. d4 cxd4 6. cxd4 d6 7. Nc3 Nxc3 8.
bxc3 Qc7 9. Bd2 Nc6 10. exd6 Bxd6 11. Bd3 Bf4 12. O-O O-O 13. Re1 Bd7 14. Rb1
Bxd2 15. Qxd2 Ne7 16. Ne5 Rac8 17. c4 Rfd8 18. Rb3 Be8 19. Be4 Nc6 20. Nxc6
Bxc6 21. d5 exd5 22. Bxh7+ Kxh7 23. Rh3+ Kg8 24. Qd3 f6 25. Qh7+ Kf7 26. Qh5+
Kg8 27. Qh7+ 1/2-1/2

[Event "19. Obert Int. Sant Marti 2017"]
[Site "Barcelona ESP"]
[Date "2017.07.15"]
[Round "3.32"]
[White "Miranda Llanes, Yerisbel"]
[Black "Ruperez, Miguel"]
[Result "1-0"]
[WhiteElo "2285"]
[BlackElo "2103"]
[PlyCount "81"]
[EventDate "2017.07.13"]
[EventType "swiss"]
[EventRounds "9"]
[EventCountry "ESP"]
[SourceTitle "Ajedrez en Madrid"]
[Source "lmi"]
[SourceDate "2017.07.13"]
[SourceVersion "1"]
[SourceVersionDate "2019.06.21"]
[SourceQuality "1"]

1. d4 Nf6 2. c4 e6 3. Nc3 Bb4 4. e3 b6 5. Nge2 c5 6. a3 Ba5 7. g3 Bb7 8. d5 b5
9. Bg2 bxc4 10. O-O O-O 11. e4 d6 12. Bg5 h6 13. Bf4 exd5 14. exd5 Nh5 15. Ne4
Nxf4 16. Nxf4 Re8 17. Qa4 Nd7 18. Nxd6 Nb6 19. Qxe8+ Qxe8 20. Nxe8 Rxe8 21. a4
Nc8 22. d6 Nxd6 23. Bxb7 Nxb7 24. Rfd1 g5 25. Nd5 Re2 26. Ne3 c3 27. bxc3 Bxc3
28. Rab1 Bb4 29. Rd7 Na5 30. Rxa7 Nc6 31. Ra8+ Kh7 32. Nd5 Bd2 33. Rb6 Re6 34.
Rc8 Nd4 35. Rxe6 fxe6 36. Nf6+ Kg6 37. Ne4 Bb4 38. Nxc5 Kf5 39. Nb3 Nf3+ 40.
Kg2 g4 41. a5 1-0

[Event "19. Obert Int. Sant Marti 2017"]
[Site "Barcelona ESP"]
[Date "2017.07.15"]
[Round "3.33"]
[White "Lacasta Palacio, Joaquim"]
[Black "Ryan, Joseph"]
[Result "0-1"]
[WhiteElo "2092"]
[BlackElo "2284"]
[PlyCount "98"]
[EventDate "2017.07.13"]
[EventType "swiss"]
[EventRounds "9"]
[EventCountry "ESP"]
[SourceTitle "Ajedrez en Madrid"]
[Source "lmi"]
[SourceDate "2017.07.13"]
[SourceVersion "1"]
[SourceVersionDate "2019.06.21"]
[SourceQuality "1"]

1. Nf3 d5 2. d4 Bf5 3. Bf4 e6 4. e3 Nf6 5. Be2 c5 6. c3 Nc6 7. O-O Qb6 8. Qb3
c4 9. Qxb6 axb6 10. Nbd2 b5 11. a3 h6 12. Rfe1 Nh5 13. Be5 Nf6 14. Bxf6 gxf6
15. Nh4 Bh7 16. Bf3 f5 17. g3 Bd6 18. Ng2 Ne7 19. Nf4 Nc8 20. Bh5 Ke7 21. Nf3
Nb6 22. Nh4 Rhg8 23. Nhg2 Bg6 24. f3 Bh7 25. Kf2 Nd7 26. h3 Nf6 27. g4 fxg4 28.
hxg4 Rg7 29. Rh1 Kd7 30. Ne2 Kc6 31. Ngf4 Re8 32. Rag1 Nd7 33. Nh3 Reg8 34. Ke1
Nb6 35. Kd2 Na4 36. Kc1 Ra8 37. g5 hxg5 38. Rxg5 Rxg5 39. Nxg5 Bd3 40. Nf4 Nxb2
41. Bxf7 Bf5 42. Ngxe6 Nd3+ 43. Nxd3 Bxd3 44. Nf4 Bxf4 45. exf4 Rxa3 46. Rh6+
Kc7 47. Kd2 b4 48. cxb4 Ra2+ 49. Kd1 c3 0-1

[Event "19. Obert Int. Sant Marti 2017"]
[Site "Barcelona ESP"]
[Date "2017.07.15"]
[Round "3.34"]
[White "Abhishek, Das"]
[Black "Kyrkjebo, Erlend"]
[Result "1-0"]
[WhiteElo "2274"]
[BlackElo "2085"]
[PlyCount "149"]
[EventDate "2017.07.13"]
[EventType "swiss"]
[EventRounds "9"]
[EventCountry "ESP"]
[SourceTitle "Ajedrez en Madrid"]
[Source "lmi"]
[SourceDate "2017.07.13"]
[SourceVersion "1"]
[SourceVersionDate "2019.06.21"]
[SourceQuality "1"]

1. e4 c5 2. Nc3 a6 3. g3 b5 4. Bg2 Bb7 5. f4 e6 6. Qe2 Nc6 7. d3 Rc8 8. Nf3 Nd4
9. Qf2 b4 10. Nd1 Nxf3+ 11. Bxf3 d5 12. exd5 Bxd5 13. Ne3 Nf6 14. O-O Be7 15.
Nc4 O-O 16. b3 Bxf3 17. Qxf3 Qd4+ 18. Be3 Qd5 19. a3 Qxf3 20. Rxf3 Nd5 21. axb4
Nxb4 22. Rf2 Bf6 23. Ra5 Bd4 24. Kg2 Rc6 25. Kf3 Rfc8 26. Re2 Rb8 27. Ra4 Bc3
28. Bd2 Nd5 29. Rf2 Bd4 30. Rf1 f6 31. Rc1 Nc3 32. Ra5 Rb5 33. Ra3 Rb8 34. Be3
Nb5 35. Ra4 Bc3 36. Bd2 e5 37. Bxc3 Nxc3 38. Raa1 exf4 39. gxf4 Re8 40. Re1
Rce6 41. Rxe6 Rxe6 42. Ra5 Nb5 43. Ne3 g6 44. Kf2 Rc6 45. Nd5 Kf7 46. c4 Nd4
47. b4 Re6 48. bxc5 Nb3 49. Ra3 Nxc5 50. d4 Ne4+ 51. Kg2 Rd6 52. Rb3 Nd2 53.
Rb7+ Kf8 54. Nb6 Rxd4 55. c5 Nc4 56. Nd7+ Ke7 57. c6 Na5 58. Nb6+ Ke6 59. c7
Rd2+ 60. Kf1 Rc2 61. Ra7 Kf5 62. c8=Q+ Rxc8 63. Nxc8 Kxf4 64. Rxa6 Nb3 65.
Rxf6+ Kg5 66. Rf7 h5 67. Rd7 Kf6 68. Rd5 Ke6 69. Nb6 Na1 70. Rg5 Kf6 71. h4 Nc2
72. Nd7+ Ke6 73. Nf8+ Kf6 74. Kg2 Ne3+ 75. Kh3 1-0

[Event "19. Obert Int. Sant Marti 2017"]
[Site "Barcelona ESP"]
[Date "2017.07.15"]
[Round "3.35"]
[White "Priebe, Jan"]
[Black "Chernikov, Vladimir"]
[Result "1-0"]
[WhiteElo "2272"]
[BlackElo "2079"]
[PlyCount "57"]
[EventDate "2017.07.13"]
[EventType "swiss"]
[EventRounds "9"]
[EventCountry "ESP"]
[SourceTitle "Ajedrez en Madrid"]
[Source "lmi"]
[SourceDate "2017.07.13"]
[SourceVersion "1"]
[SourceVersionDate "2019.06.21"]
[SourceQuality "1"]

1. e4 d6 2. Bc4 Nf6 3. Qe2 e5 4. Nf3 Be7 5. O-O Bg4 6. h3 Bh5 7. c3 d5 8. Bd3
dxe4 9. Bxe4 c6 10. d3 Nbd7 11. Re1 Nxe4 12. dxe4 O-O 13. Nbd2 Qc7 14. Nf1 Rad8
15. Be3 Nc5 16. Bxc5 Bxc5 17. g4 Bg6 18. Ng3 Rd7 19. h4 f6 20. Qc4+ Bf7 21.
Qxc5 Rd3 22. Re3 b6 23. Qxf8+ Kxf8 24. Rxd3 Be6 25. Nf5 h5 26. Nh2 hxg4 27.
Rad1 Kg8 28. Nxg4 g6 29. Rd8+ 1-0

[Event "19. Obert Int. Sant Marti 2017"]
[Site "Barcelona ESP"]
[Date "2017.07.15"]
[Round "3.36"]
[White "Ventura Bolet, Alexandre"]
[Black "Neffe, Axel"]
[Result "1/2-1/2"]
[WhiteElo "2080"]
[BlackElo "2257"]
[PlyCount "90"]
[EventDate "2017.07.13"]
[EventType "swiss"]
[EventRounds "9"]
[EventCountry "ESP"]
[SourceTitle "Ajedrez en Madrid"]
[Source "lmi"]
[SourceDate "2017.07.13"]
[SourceVersion "1"]
[SourceVersionDate "2019.06.21"]
[SourceQuality "1"]

1. Nf3 c5 2. g3 b6 3. Bg2 Bb7 4. O-O Nf6 5. c4 e6 6. b3 Be7 7. Bb2 O-O 8. e3 d6
9. d4 Nbd7 10. Nc3 Re8 11. Re1 a6 12. a4 Qc7 13. e4 cxd4 14. Nxd4 Bf8 15. Rc1
Rad8 16. f4 g6 17. Nd5 exd5 18. cxd5 Qb8 19. Nc6 Qa8 20. Nxd8 Qxd8 21. b4 Bg7
22. Qc2 a5 23. Qc7 Qxc7 24. Rxc7 Bxd5 25. Rd1 Bxe4 26. Bxe4 Rxe4 27. bxa5 bxa5
28. Bxf6 Nxf6 29. Rxd6 Ne8 30. Rc8 Kf8 31. Ra6 Rxa4 32. Raa8 Re4 33. Rxa5 Re7
34. Kg2 f5 35. h3 Kf7 36. g4 fxg4 37. hxg4 h6 38. Kf3 Rd7 39. Rca8 Bd4 40. Ra2
h5 41. gxh5 gxh5 42. Rd2 Ng7 43. Ra4 Nf5 44. Ke4 Ng3+ 45. Kf3 Nf5 1/2-1/2

[Event "19. Obert Int. Sant Marti 2017"]
[Site "Barcelona ESP"]
[Date "2017.07.15"]
[Round "3.37"]
[White "Gonzalez Saguillo, Oriol"]
[Black "Chernyak, Viktoria"]
[Result "0-1"]
[WhiteElo "2077"]
[BlackElo "2251"]
[PlyCount "102"]
[EventDate "2017.07.13"]
[EventType "swiss"]
[EventRounds "9"]
[EventCountry "ESP"]
[SourceTitle "Ajedrez en Madrid"]
[Source "lmi"]
[SourceDate "2017.07.13"]
[SourceVersion "1"]
[SourceVersionDate "2019.06.21"]
[SourceQuality "1"]

1. d4 d5 2. c4 e6 3. Nc3 c6 4. e3 Nd7 5. Nf3 Ngf6 6. cxd5 exd5 7. Bd3 Bd6 8.
O-O O-O 9. b3 Qe7 10. Bb2 Re8 11. Ne2 Ne4 12. Re1 f5 13. Nf4 a5 14. Bf1 Bb4 15.
Re2 Nc3 16. Bxc3 Bxc3 17. Rb1 Bb4 18. Qc2 g6 19. Nd3 Bd6 20. Ree1 Qf6 21. g3 g5
22. Bg2 g4 23. Nh4 Nf8 24. Bh1 Ng6 25. Ng2 h5 26. Ngf4 h4 27. Bg2 Kf7 28. Qc1
Rh8 29. a3 hxg3 30. hxg3 Nxf4 31. gxf4 Be6 32. b4 axb4 33. axb4 g3 34. f3 Rh2
35. b5 Qh4 36. Qc2 Rh8 37. Kf1 Bd7 38. bxc6 Bxc6 39. Ne5+ Bxe5 40. fxe5 Ke6 41.
Rb6 Qd8 42. Reb1 Rh1+ 43. Ke2 Rxb1 44. Rxb1 Qa5 45. Qd2 Qa6+ 46. Ke1 Rh2 47.
Rc1 Qb5 48. Qa2 Qd3 49. e4 Qe3+ 50. Kd1 Qxd4+ 51. Ke1 Qg1+ 0-1

[Event "19. Obert Int. Sant Marti 2017"]
[Site "Barcelona ESP"]
[Date "2017.07.15"]
[Round "3.38"]
[White "Srijit, Paul"]
[Black "Fuentes Godoy, Lilia Ivonne"]
[Result "1/2-1/2"]
[WhiteElo "2247"]
[BlackElo "2069"]
[PlyCount "54"]
[EventDate "2017.07.13"]
[EventType "swiss"]
[EventRounds "9"]
[EventCountry "ESP"]
[SourceTitle "Ajedrez en Madrid"]
[Source "lmi"]
[SourceDate "2017.07.13"]
[SourceVersion "1"]
[SourceVersionDate "2019.06.21"]
[SourceQuality "1"]

1. e4 c5 2. Nf3 Nc6 3. Nc3 e5 4. Bc4 Be7 5. d3 d6 6. O-O Nf6 7. Ng5 O-O 8. f4
Bg4 9. Nf3 Nd4 10. Kh1 Nh5 11. Nd5 b5 12. Nxe7+ Qxe7 13. Bd5 Rac8 14. f5 Bxf3
15. gxf3 Qh4 16. Kg2 Nf6 17. Bb3 c4 18. dxc4 bxc4 19. Ba4 c3 20. bxc3 Rxc3 21.
Bd2 Nxe4 22. Qe1 Qxe1 23. Bxe1 Rc4 24. Bb3 Nxb3 25. cxb3 Rc2+ 26. Kg1 Nc3 27.
Rf2 Ne2+ 1/2-1/2

[Event "19. Obert Int. Sant Marti 2017"]
[Site "Barcelona ESP"]
[Date "2017.07.15"]
[Round "3.39"]
[White "Mateus, Alejandro"]
[Black "Sapale, Saloni"]
[Result "0-1"]
[WhiteElo "2240"]
[BlackElo "2049"]
[PlyCount "80"]
[EventDate "2017.07.13"]
[EventType "swiss"]
[EventRounds "9"]
[EventCountry "ESP"]
[SourceTitle "Ajedrez en Madrid"]
[Source "lmi"]
[SourceDate "2017.07.13"]
[SourceVersion "1"]
[SourceVersionDate "2019.06.21"]
[SourceQuality "1"]

1. d4 Nf6 2. c4 g6 3. Nc3 d5 4. cxd5 Nxd5 5. e4 Nxc3 6. bxc3 Bg7 7. Nf3 c5 8.
Rb1 O-O 9. Be2 b6 10. O-O Qc7 11. d5 Nd7 12. c4 Ne5 13. Nxe5 Qxe5 14. Bd3 f5
15. Bb2 Qd6 16. Bxg7 Kxg7 17. exf5 Bxf5 18. Re1 Bd7 19. Rb2 Qf6 20. Rd2 e6 21.
d6 Rad8 22. Be4 Rf7 23. f3 Qc3 24. Rd3 Qxc4 25. Qa1+ Kg8 26. Rc1 Qa4 27. Qb2
Bb5 28. Rdd1 Bd7 29. h4 Qb5 30. Qc3 Rc8 31. Rb1 Qa6 32. Qe5 c4 33. Qg5 b5 34.
Kh1 Qb6 35. Qg3 Rc5 36. Qe1 c3 37. a3 c2 38. Bxc2 Rxc2 39. Rbc1 Rxc1 40. Rxc1
Qxd6 0-1

[Event "19. Obert Int. Sant Marti 2017"]
[Site "Barcelona ESP"]
[Date "2017.07.15"]
[Round "3.40"]
[White "David, Bogdan-Emanuel"]
[Black "Glimbrant, Torbjorn"]
[Result "1/2-1/2"]
[WhiteElo "2062"]
[BlackElo "2238"]
[PlyCount "76"]
[EventDate "2017.07.13"]
[EventType "swiss"]
[EventRounds "9"]
[EventCountry "ESP"]
[SourceTitle "Ajedrez en Madrid"]
[Source "lmi"]
[SourceDate "2017.07.13"]
[SourceVersion "1"]
[SourceVersionDate "2019.06.21"]
[SourceQuality "1"]

1. e4 e6 2. Qe2 c5 3. Nf3 Nc6 4. g3 g6 5. Bg2 Bg7 6. O-O Nge7 7. c3 O-O 8. d4
cxd4 9. cxd4 d5 10. e5 b6 11. Nc3 a5 12. Rd1 Ba6 13. Qe1 Nb4 14. Qd2 Nd3 15.
Bf1 Nxc1 16. Raxc1 Bxf1 17. Kxf1 Qd7 18. Qd3 Bh6 19. Rc2 Rfc8 20. Ne1 Rab8 21.
Nb5 Rxc2 22. Nxc2 Rc8 23. Nd6 Rc6 24. Ne3 Bxe3 25. fxe3 Nf5 26. Nxf5 exf5 27.
Ke2 h5 28. Qb3 b5 29. Rd2 Rc4 30. Rc2 Qc6 31. Kd2 Kg7 32. Qd3 f6 33. b3 Rxc2+
34. Qxc2 Qxc2+ 35. Kxc2 Kf7 36. exf6 g5 37. h4 g4 38. Kd3 Kxf6 1/2-1/2

[Event "19. Obert Int. Sant Marti 2017"]
[Site "Barcelona ESP"]
[Date "2017.07.15"]
[Round "3.41"]
[White "Capellades Subirana, Marc"]
[Black "Avdhoot, Lendhe"]
[Result "1/2-1/2"]
[WhiteElo "2237"]
[BlackElo "2034"]
[PlyCount "109"]
[EventDate "2017.07.13"]
[EventType "swiss"]
[EventRounds "9"]
[EventCountry "ESP"]
[SourceTitle "Ajedrez en Madrid"]
[Source "lmi"]
[SourceDate "2017.07.13"]
[SourceVersion "1"]
[SourceVersionDate "2019.06.21"]
[SourceQuality "1"]

1. e4 c6 2. d4 d5 3. Nc3 dxe4 4. Nxe4 Bf5 5. Ng3 Bg6 6. Bc4 e6 7. Nf3 Nd7 8.
Qe2 Ngf6 9. Ne5 Nb6 10. Bb3 Qxd4 11. O-O O-O-O 12. a4 Ne4 13. Nxf7 Nxg3 14.
Bxe6+ Kb8 15. hxg3 Bxf7 16. Bxf7 Qf6 17. Bb3 Nd5 18. Rd1 Bc5 19. Bxd5 cxd5 20.
Bf4+ Ka8 21. Re1 Qxb2 22. Rab1 Qc3 23. Rb5 Bb6 24. a5 Bxa5 25. Reb1 b6 26. Be5
Rhe8 27. Bxc3 Rxe2 28. Bxa5 bxa5 29. Rc5 Rb8 30. Ra1 Rb2 31. Rcxa5 Rexc2 32.
Rxa7+ Kb8 33. Rf7 Rb7 34. Rf8+ Rc8 35. Ra8+ Kxa8 36. Rxc8+ Rb8 37. Rc1 Kb7 38.
Kf1 Rc8 39. Rb1+ Kc6 40. Ke2 Kd6 41. Kd3 Rc7 42. Rh1 g6 43. Ra1 Ke5 44. Ra2 Rb7
45. Re2+ Kd6 46. Re8 Rb2 47. Rf8 Ke7 48. Rf4 Ke6 49. g4 h6 50. g3 Ra2 51. Rf8
Ke7 52. Rf4 Ke6 53. Rf8 Ke7 54. Rf4 Ke6 55. Rf8 1/2-1/2

[Event "19. Obert Int. Sant Marti 2017"]
[Site "Barcelona ESP"]
[Date "2017.07.15"]
[Round "3.42"]
[White "Aishwin, Daniel"]
[Black "Vergara Jofre, Felipe"]
[Result "1/2-1/2"]
[WhiteElo "2031"]
[BlackElo "2234"]
[PlyCount "91"]
[EventDate "2017.07.13"]
[EventType "swiss"]
[EventRounds "9"]
[EventCountry "ESP"]
[SourceTitle "Ajedrez en Madrid"]
[Source "lmi"]
[SourceDate "2017.07.13"]
[SourceVersion "1"]
[SourceVersionDate "2019.06.21"]
[SourceQuality "1"]

1. e4 c5 2. Nf3 Nc6 3. d4 cxd4 4. Nxd4 Nf6 5. Nc3 e5 6. Ndb5 d6 7. Bg5 a6 8.
Na3 b5 9. Nd5 Qa5+ 10. Bd2 Qd8 11. Bg5 Be7 12. Bxf6 Bxf6 13. c4 b4 14. Nc2 O-O
15. Be2 Bg5 16. O-O a5 17. Qd3 Be6 18. Rad1 Bxd5 19. cxd5 Nb8 20. a3 bxa3 21.
Nxa3 Nd7 22. Ra1 g6 23. Bg4 Nc5 24. Qc2 Rb8 25. Nc4 Nb3 26. Ra3 Nd4 27. Qd3 f5
28. exf5 gxf5 29. Bh3 Qf6 30. Rd1 Rfc8 31. b3 Rb5 32. Ne3 Rc3 33. Qf1 Rbxb3 34.
Rxb3 Rxb3 35. Qa6 Bxe3 36. fxe3 Rxe3 37. Rb1 Kg7 38. Qxa5 Qg6 39. Kh1 f4 40.
Rd1 Kh6 41. Qd8 Kg7 42. Qe7+ Kh6 43. Qh4+ Kg7 44. Qe7+ Kh6 45. Qh4+ Kg7 46.
Qe7+ 1/2-1/2

[Event "19. Obert Int. Sant Marti 2017"]
[Site "Barcelona ESP"]
[Date "2017.07.15"]
[Round "3.43"]
[White "Manush, Shah"]
[Black "Pinero Fernandez, Xavier"]
[Result "1/2-1/2"]
[WhiteElo "2016"]
[BlackElo "2233"]
[PlyCount "47"]
[EventDate "2017.07.13"]
[EventType "swiss"]
[EventRounds "9"]
[EventCountry "ESP"]
[SourceTitle "Ajedrez en Madrid"]
[Source "lmi"]
[SourceDate "2017.07.13"]
[SourceVersion "1"]
[SourceVersionDate "2019.06.21"]
[SourceQuality "1"]

1. d4 f5 2. g3 Nf6 3. Bg2 e6 4. c4 Be7 5. Nc3 O-O 6. Nf3 d5 7. Qb3 c6 8. O-O
Nbd7 9. Bg5 Kh8 10. Rfd1 Bd6 11. Rac1 Qe8 12. Bf4 Bxf4 13. gxf4 Qh5 14. e3 Ne4
15. Qa3 g5 16. Nxe4 fxe4 17. Nxg5 h6 18. Nh3 Rg8 19. Kh1 Rxg2 20. Kxg2 Qf3+ 21.
Kf1 Qxh3+ 22. Ke1 Qf5 23. Kd2 Qf8 24. Qxf8+ 1/2-1/2

[Event "19. Obert Int. Sant Marti 2017"]
[Site "Barcelona ESP"]
[Date "2017.07.15"]
[Round "3.44"]
[White "Gandhi, Anish"]
[Black "Vantika, Agrawal"]
[Result "1/2-1/2"]
[WhiteElo "2012"]
[BlackElo "2230"]
[PlyCount "38"]
[EventDate "2017.07.13"]
[EventType "swiss"]
[EventRounds "9"]
[EventCountry "ESP"]
[SourceTitle "Ajedrez en Madrid"]
[Source "lmi"]
[SourceDate "2017.07.13"]
[SourceVersion "1"]
[SourceVersionDate "2019.06.21"]
[SourceQuality "1"]

1. e4 c5 2. Nf3 Nc6 3. c3 Nf6 4. e5 Nd5 5. Bc4 Nb6 6. Bb3 d5 7. exd6 Qxd6 8. d4
cxd4 9. cxd4 Be6 10. Nc3 Bxb3 11. Qxb3 Qb4 12. Qd1 e6 13. O-O Be7 14. a3 Qd6
15. Ne4 Qd5 16. Nc3 Qd6 17. Ne4 Qd5 18. Nc3 Qd6 19. Ne4 Qd5 1/2-1/2

[Event "19. Obert Int. Sant Marti 2017"]
[Site "Barcelona ESP"]
[Date "2017.07.15"]
[Round "3.45"]
[White "Molano Lafuente, Ismael"]
[Black "Ahmed, Sk. Nasir"]
[Result "0-1"]
[WhiteElo "2004"]
[BlackElo "2221"]
[PlyCount "80"]
[EventDate "2017.07.13"]
[EventType "swiss"]
[EventRounds "9"]
[EventCountry "ESP"]
[SourceTitle "Ajedrez en Madrid"]
[Source "lmi"]
[SourceDate "2017.07.13"]
[SourceVersion "1"]
[SourceVersionDate "2019.06.21"]
[SourceQuality "1"]

1. e4 c5 2. Nf3 d6 3. d4 cxd4 4. Nxd4 Nf6 5. Nc3 e6 6. Be3 Be7 7. g4 O-O 8. Bg2
Nc6 9. h3 d5 10. O-O Ne5 11. exd5 Nxd5 12. Nxd5 exd5 13. b3 Ng6 14. Qd2 Nh4 15.
Rad1 Nxg2 16. Kxg2 Bd7 17. Qd3 Qc8 18. f4 Re8 19. Bd2 Bf6 20. c3 Qc5 21. Rfe1
Qa3 22. Qb1 Qa6 23. Rxe8+ Rxe8 24. Re1 Rxe1 25. Bxe1 h5 26. f5 Bxd4 27. cxd4
Qe2+ 28. Kg3 Qe3+ 29. Kg2 Qxd4 30. Bf2 Qd2 31. Qe1 Qxa2 32. Qe7 Bc6 33. Qd8+
Kh7 34. Qg5 d4+ 35. Kg3 Qxb3+ 36. Kh4 hxg4 37. Qxg4 Qf3 38. Qxd4 Qxf5 39. Kg3
Qf3+ 40. Kh4 f6 0-1

[Event "19. Obert Int. Sant Marti 2017"]
[Site "Barcelona ESP"]
[Date "2017.07.15"]
[Round "3.46"]
[White "Rojas Fernandez, Andres"]
[Black "Sanchez Jerez, Emilio Miguel"]
[Result "1-0"]
[WhiteElo "1997"]
[BlackElo "2216"]
[PlyCount "117"]
[EventDate "2017.07.13"]
[EventType "swiss"]
[EventRounds "9"]
[EventCountry "ESP"]
[SourceTitle "Ajedrez en Madrid"]
[Source "lmi"]
[SourceDate "2017.07.13"]
[SourceVersion "1"]
[SourceVersionDate "2019.06.21"]
[SourceQuality "1"]

1. e4 e6 2. d4 c5 3. c3 d5 4. e5 Nc6 5. Nf3 Nge7 6. Bd3 cxd4 7. cxd4 Nf5 8.
Bxf5 exf5 9. Nc3 Be6 10. O-O Be7 11. Re1 h6 12. a3 g5 13. Qd3 f4 14. Nd2 Qb6
15. b4 Qxd4 16. Qc2 Rc8 17. Bb2 Qb6 18. Qd3 O-O 19. Nb3 Rfd8 20. Na4 Qa6 21.
Qxa6 bxa6 22. Nac5 a5 23. Nb7 Rd7 24. N7xa5 Nxa5 25. Nxa5 d4 26. Rac1 Rxc1 27.
Rxc1 d3 28. Rd1 g4 29. f3 Bd8 30. Bc1 Bb6+ 31. Kf1 Be3 32. Bd2 h5 33. Ke1 h4
34. fxg4 Bxg4 35. Rc1 Rd4 36. Rc4 Rxc4 37. Nxc4 Bxd2+ 38. Nxd2 Kf8 39. Nf3 h3
40. Nh4 hxg2 41. Nxg2 f3 42. Ne3 Bh3 43. Kf2 Bg2 44. Nc4 Ke7 45. h4 Ke6 46. h5
Bh3 47. Kxf3 Bf5 48. Kf4 Bh7 49. Ke3 Kd5 50. Nb2 d2 51. Kxd2 Kxe5 52. Ke3 f5
53. Nc4+ Kd5 54. Na5 a6 55. Kf4 Kd4 56. Nc6+ Kc4 57. Nb8 Kb3 58. Nxa6 Ka4 59.
Nc7 1-0